000 00680nam a2200205Ia 4500
003 GCL
008 140319s9999 xx 000 0 ara d
040 _aGCL /
_cGCL
082 0 4 _aق
_b913.031
_bس ب
100 1 _aحسن عبدالوهاب
245 1 0 _aبين الاثار الفرعونية والاثار الاسلامية فى مصر /
_cحسن عبدالوهاب
700 1 _aسامى جبرة
700 1 _aالاتحاد البرلمانى الدولى
300 _a44 ص
650 0 4 _aالعمارة الاسلامية
650 0 4 _aالاثار الاسلامية
650 0 4 _aالاثار الفرعونية
650 0 4 _aالمساجد
942 _2ddc
_cBK
999 _c45219
_d45219